000 00200nam a2200109Ia 4500
100 _a#N/A
942 _cBK
654 _aedumorphix
245 _aEdumorphix
260 _b#N/A
_c2005
546 _aENGLISH
999 _c24437
_d24437